Фанто (Запис номер 152107)
[ съкратено ]
| 000 -Лидер | |
|---|---|
| Контролно поле с фиксирана дължина | 01533nam a2200337 c 4500 |
| 003 - Код на организацията, давaща контролен номер | |
| Контролно поле | BLK |
| 005 - Дата и час на последна редакция | |
| Контролно поле | 20180422113127.0 |
| 008 - Елементи от данни с фиксирана дължина | |
| fixed length control field | 180410b bul|||||r ||||||| ||bul|| |
| 010 ## - Наследен системен номер | |
| LC control number | KNG00158552000 |
| 020 ## - Международен стандартен номер на книга ISBN | |
| Международен стандартен номер на книга ISBN | 978-619-159-048-3 |
| -- | издат.: ПП-Прес - на том (кн. 1) |
| 040 ## - Източник на каталожния запис | |
| Идентификатор на билиотеката - собственик на записа | BLK |
| 041 ## - Код за език | |
| Код за езика на текст/звукозапис или на отделно заглавие | Български |
| Код за езика КДБФ | Български |
| 072 #7 - Код за тематичната категория | |
| Код организация | bullib |
| Код за тематична категория | Н85 |
| Текст | Детска художествена литература Н |
| 080 ## - УДК | |
| Текстов определител УДК | Сръбска литература |
| УДК код - определител по УДК | 821.163.41 |
| УДК определител | -93-34 |
| УДК - код + определител | 821.163.41-93-34 |
| 100 1# - Редна дума - Автор | |
| Автор | Станкович, Натали |
| Авторска отговорност | първи автор |
| R(LIN) | 331666 |
| 139 ## - Редно поле | |
| Редна дума | Станкович, Натали |
| Авторски знак | Стани - С 69 |
| 245 10 - Сведения за заглавието | |
| Заглавие | Фанто |
| Подзаглавни данни | Лудориите на едно необикновено куче : Кн. 1 - |
| Редно поле (дума) | Натали Станкович; прев. от сръб. Русанка Костова Ляпова; ил. Владимир Манчич. |
| Том | Кн. 1 |
| Заглавие на том | Това съм аз |
| 257 ## - Страна на издаване | |
| Страна на създаване/издаване | Сърбия |
| 260 ## - Област на издателските данни | |
| -- | Пловдив |
| Година на издаване | 2012 - |
| Печатница | Пирот : PI- Press |
| 300 ## - Физическа характеристика | |
| Размери/Мащаб | 24 см |
| 380 ## - Жанр | |
| Жанр | Детска худож. лит. |
| 659 ## - Тематичен бюлетин | |
| Тематичен бюлетин | Н |
| 700 1# - Други автори (авторска отговорност) | |
| Лично име | Ляпова, Русанка Костова |
| Автороска отговорност (Описва отношението между автора и произведението) | прев. от сръб. |
| 9 (RLIN) | 368468 |
| 700 1# - Други автори (авторска отговорност) | |
| Лично име | Манчич, Владимир |
| Автороска отговорност (Описва отношението между автора и произведението) | ил. |
| 9 (RLIN) | 92477 |
| 760 1# - Описание на основната серия | |
| -- | - на том (кн. 1) |
| Редна дума на основното описание | Станкович, Натали |
| Място на издаване, издател и година | ПП-Прес, 2012 |
| Страници - том | 16 с. : с цв. ил. |
| Заглавие | Кн. 1 Това съм аз |
| 852 ## - Местоположение | |
| Форматна сигнатура | Цб 267201 |
| 856 4# - Електронен адрес и достъп | |
| Електронен формат | pdf - файл |
| Път до файла /url/ | |
| 856 4# - Електронен адрес и достъп | |
| Електронен формат | pdf - файл |
| Път до файла /url/ | |
| 942 ## - АРТИКУЛИ | |
| Вид на библиотечния материал | Книги |
| Скрит в OPAC | Не |
| 944 ## - СЪЗДАВАНЕ И РЕДАКЦИЯ на ЗАПИСА | |
| Създаване/Редакция | Създаване |
| Дата на регистрацията/редакция | 25.03.2014 |
| Служител, извършил регистрацията/редакцията | Пенка_Димитрова |
| 944 ## - СЪЗДАВАНЕ И РЕДАКЦИЯ на ЗАПИСА | |
| Създаване/Редакция | Редакция |
| Дата на регистрацията/редакция | 09.12.2014 |
| Служител, извършил регистрацията/редакцията | Грета_Цуфелде |
| 999 ## - СИСТЕМНИ КОНТРОЛНИ НОМЕРА | |
| Koha biblionumber | 152107 |
| Koha biblioitemnumber | 152107 |
| Код за отписване | Код за изгубен артикул | Код за повреда | Коз за рестрикции | Код за отдаване | Артикулен № | Име на библиотеката - собственик | Име на библиотеката, в която се намира в момента | Статус (Текущо местоположение) | Дата на вписване в системата | Местоположение - отдел | Цена в лева | Инвентарен номер | Систематично азбучна сигнатура | Баркод | Номер на екземпляра | Цена в евро | Служебна бележка | Служебен тип на артикула |
|---|---|---|---|---|---|---|---|---|---|---|---|---|---|---|---|---|---|---|
| Не е изгубен | Не е повреден | без рестрикции | ползва се в читалня | 253971 | Регионална библиотека "Любен Каравелов" Русе | Регионална библиотека "Любен Каравелов" Русе | Хранилище | 2014-03-26 | Хранилище | 1.90 | 120000776085 | Цб 267201 | 120000776085 | 1 | 0.97 | Дост: Dp Вид: Д N: 16 Дата: 15.04.2013 | Книги |